Nalaganje...

Le prince rebelle/

Bibliografske podrobnosti
Glavni avtor: Sultan Bin Muhammad Al Qasimi
Format: Printed Book
Jezik:English
Izdano: Sharjah: Al Qasimi Publications, 2005
LEADER 00492nam a22001577a 4500
008 180131b xxu||||| |||| 00| 0 eng d
999 |c 187223  |d 187223 
020 |a 9782747588324 
041 |a FRE 
084 |2 cc  |a O28,3N39,PR 
100 |a Sultan Bin Muhammad Al Qasimi 
245 |a Le prince rebelle/ 
260 |a Sharjah:  |b Al Qasimi Publications,  |c 2005 
300 |b 97p. 
942 |c REF 
952 |0 0  |1 0  |4 0  |6 O_283N39PR_122P5  |7 0  |8 R  |9 326319  |a LIB  |b LIB  |d 2018-01-31  |o O28,3N39,PR 122P5  |p G40490  |r 2018-01-31  |y REF